000 00290nam a22001217a 4500
082 _a070.92
_bKAR
100 _aKaraka, D.F.
245 _aI Go West /
_cD.F. Karaka
260 _aBombay :
_bThacker & Co Ltd,
_c1938.
300 _a295 p. ;
_c2 cm.
563 _aHB.
942 _2ddc
_cBK
999 _c616239
_d616239